Los duelistas : (Registro nro. 9200)

Detalles MARC
000 -LIDER
fixed length control field 01111cam a2200385 4500
001 - NÚMERO DE CONTROL
Identificador de número de control 4322715
003 - IDENTIFICACDOR DE NÚMERO DE CONTROL
control field DO-SdBNP
005 - DATE AND TIME OF LATEST TRANSACTION
control field 20231003111246.0
007 - CAMPOS FIJOS DE DESCRIPCIÓN FÍSICA
fixed length control field 4322715
008 - ELEMENTOS DE LONGITUD FIJA
fixed length control field 080819s2008 sp 000 f spa
015 ## - NÚMERO DENTRO DE LA BIBLIOGRAFÍA NACIONAL
National bibliography number
017 ## - NÚMERO DE REGISTRO DE DERECHOS DE AUTOR
Copyright or legal deposit number
Assigning agency
020 ## - ISBN
International Standard Book Number 9788496693401
035 ## - NÚMERO LOCAL
System control number
040 ## - FUENTE DE CATALOGACIÓN
Agencia que crea de manera original el registro BPMSU
Idioma de catalogación spa
Agencia que realiza la transcripción BPMSU
Convenciones de la despripción
041 1# - CÓDIGOS DE OBRAS TRADUCIDAS O EN VARIOS IDIOMAS
Código del idioma del texto/archivo de sonido o separata spa
Cód. del idioma original y/o traducciones intermedias del texto
080 ## - NÚMERO DE CLASIFICACIÓN DECIMAL UNIVERSAL
Universal Decimal Classification number
082 ## - NÚMERO DE CLASIFICACIÓN DECIMAL DE DEWEY
Classification number 823.8
Item number C65d4 2008
Edition number 22
100 1# - ASIENTO PRINCIPAL -- NOMBRE PERSONAL
Nombre personal Conrad, Joseph,
Fechas asociadas con el nombre 1857-1924
240 14 - TITULO UNIFORME
Título uniforme The duel
Idioma de una obra Español
245 14 - MENCIÓN DE TITULO
Título Los duelistas :
Subtítulo Gaspar Ruiz /
Mención de responsabilidad Joseph Conrad ; traducción de Frank Schleper, Elena López y Paula Manrique
Medio (Designación general de material)
260 ## - PUBLICACIÓN, DISTRIBUCIÓN, ETC. (PIE DE IMPRENTA)
Lugar de publicación, distribución, etc Madrid :
Nombre del editor, distribuidor, etc. El Tercer Nombre,
Fecha de publicación, distribución, etc 2008.
300 ## - DESCRIPCIÓN FÍSICA
Extensión 237 p. ;
Dimensiones 21 cm
490 0# - MENCIÓN DE SERIES
Mención de serie Lecturas para el aperitivo
590 ## - NOTA LOCAL
Texto de la nota local Inventariado, 2023/VM
650 #4 - ENCABEZAMIENTO DE MATERIA--TEMÁTICO
Término temático o nombre geográfico como elemento de entrada Novela inglesa
650 #4 - ENCABEZAMIENTO DE MATERIA--TEMÁTICO
Subdivisión de forma Novela
Término temático o nombre geográfico como elemento de entrada Novela inglesa Duelo (Combate)
650 #4 - ENCABEZAMIENTO DE MATERIA--TEMÁTICO
Término temático o nombre geográfico como elemento de entrada Honor
Subdivisión de forma Novela.
700 1# - ASIENTO SECUNDARIO -- NOMBRE PERSONAL
Nombre personal Schleper, Frank,
Mención de responsabilidad tr.
700 1# - ASIENTO SECUNDARIO -- NOMBRE PERSONAL
Nombre personal López Torres, Elena,
Mención de responsabilidad tr.
700 1# - ASIENTO SECUNDARIO -- NOMBRE PERSONAL
Nombre personal Manrique, Paula,
Mención de responsabilidad tr.
740 02 - ASIENTO SECUNDARIO DE TÍTULOS RELACIONADOS O ANALÍTICOS NO CONTROLADOS
Título analítico o relacionado no controlado Gaspar Ruiz
910 ## - VALIDACIÓN
Validación VMateo V. Control de calidad. BPMSU
942 ## - ADDED ENTRY ELEMENTS (KOHA)
Source of classification or shelving scheme Dewey Decimal Classification
Koha item type Libros
Existencias
Withdrawn status Lost status Source of classification or shelving scheme Damaged status Not for loan Collection code Home library Current library Date acquired Source of acquisition Total Checkouts Full call number Barcode Date last seen Price effective from Koha item type
    Dewey Decimal Classification     Colección General Biblioteca Pública Metropolitana Salomé Ureña Biblioteca Pública Metropolitana Salomé Ureña 03/11/2016 FUNDI   BPMSU CG 823.8 C65d 2008 BPMSU16030080 03/11/2016 03/11/2016 Libros